Riadenie ľudských zdrojov ako prostriedok zvyšovania konkurencieschopnosti podniku bakalárska práca

Salvato in:
Dettagli Bibliografici
Autore principale: Weber, Ján
Ente Autore: Fakulta podnikového manažmentu EU. Katedra podnikovohospodárska
Altri autori: Grančičová, Katarína, 1967-
Natura: Libro
Lingua:slovacco
Pubblicazione: Bratislava 2009
Tags: Aggiungi Tag
Nessun Tag, puoi essere il primo ad aggiungerne!!

MARC

LEADER 00000nam$a2200000$$$4500
001 0102287
005 20240319130310.8
041 0 |a slo 
044 |a SK 
245 1 0 |a Riadenie ľudských zdrojov ako prostriedok zvyšovania konkurencieschopnosti podniku  |b bakalárska práca  |c Ján Weber ; škol. Katarína Grančičová 
264 1 |a Bratislava  |c 2009 
300 |a 33 s. 
100 1 |a Weber, Ján 
700 1 |a Grančičová, Katarína, 1967- 
710 2 |a Fakulta podnikového manažmentu EU. Katedra podnikovohospodárska